Trouve le bon club ! - Statistiques

Statistiques générales
  • Ce quiz a été pris 173 fois
  • Le résultat moyen est 10 sur 15
Statistiques - réponses
Question Réponse % Correct
Kylian Mbappé Paris Saint-Germain
99%
Cristiano Ronaldo Juventus FC
98%
Neymar Al-Hilal FC
94%
Robert Lewandowski Borussia Dortmund
86%
Zinédine Zidane Girondins de Bordeaux
86%
Toni Kroos Bayer Leverkusen
80%
Anthony Martial AS Monaco
76%
Miralem Pjanić Olympique Lyonnais
67%
Michel Platini AS Saint-Étienne
61%
Mario Gómez VfB Stuttgart
58%
Mario Balotelli Genoa CFG
51%
Sidney Govou Évian Thonon Gaillard
46%
Théo Hernandez Deportivo Alavés
20%
Raymond Domenech Paris Saint-Germain
20%
Mathieu Valbuena Athens Kallithéa FC
15%
Aucun quiz correspondant
Distribution des résultats
% des personnes avec chaque résultat
Percentile par nombre de réponses
Votre historique - résultats
Vous n’avez pas pris ce quiz